000
00283nam a22001217a 4500
999
_c
8863
_d
8863
003
OSt
005
20191109120541.0
008
191109b ||||| |||| 00| 0 eng d
040
_c
DDC
100
_a
Dwyer, Sheldon
245
_a
Chattan Par Nirman Karna Part -I (Hindi)
942
_2
ddc
_c
BK